La violencia de género (Registro nro. 31839)

Detalles MARC
000 -LEADER
fixed length control field 00311 a2200109 4500
001 - CONTROL NUMBER
control field ART_50160
005 - DATE AND TIME OF LATEST TRANSACTION
control field 20260410162007.0
008 - FIXED-LENGTH DATA ELEMENTS--GENERAL INFORMATION
fixed length control field 260409a
100 1# - MAIN ENTRY--PERSONAL NAME
Personal name Humphreys, Ethel
245 10 - TITLE STATEMENT
Title La violencia de género
773 0# - HOST ITEM ENTRY
Title Temas de derecho civil
Related parts - Año 5, N° 11 (nov. 2019)
Record control number REV34778

No hay ítems disponibles.